01396nam a2200265 u 450000100100000000500170001000800410002702000150006804000250008308200170010810000340012524501570015926000610031630000270037750000420040450000650044665100850051165100560059665100420065270000420069495201280073695201230086495201280098799900150111500000374620240430111442.0090713s1996 dr a 000 0 spa d a8489548277 aDO-SdBNPbspacBNPHU a320.9bV422a1 aVega, Bernardo,d1938 -9322213aLa agenda pendiente :breformas, geopolítica y frustración; artículos y conferencias 1990-1995. /cBernardo Vega; prólogo José Luis Alemán;. aSanto Domingo :bFundación cultural dominicana,c1996. a358p. :bil. ;c24 cm. aIncluye datos biográficos del autor aIncluye publicaciones de la fundación cultural dominicana. 4aRepública DominicanaxPolitíca Y GobiernoxEnsayos, Conferencias, Etc.91167 4aRepública DominicanaxPolitíca Económica9643 4aRepública DominicanaxHistoria91701 aAlemán, José Luis,epról.97046 001054708DSaGRbGRcCTd2009-07-13iLF1l0o320.9 V422ap3746-30r2020-06-25te.3w2020-06-25yLFDSZPréstamo en sala 001054708PDaPDbPDcCTd2009-07-13iLF1l0o320.9 V422ap3746-10r2020-06-25w2020-06-25yLFPDZPréstamo en sala 001053728PDaPDbPDcCTd2009-07-13iLF1l0o320.9 V422ap3746-20r2020-06-25te.2w2020-06-25yLFPDZPréstamo en sala c3568d3568